[Event "Titled Tuesday intern op 23rd Nov"]
[Site "Chess.com INT"]
[Date "2021.11.23"]
[Round "6"]
[White "Lysyj, Igor"]
[Black "Molchanov, Alexey"]
[Result "0-1"]
[WhiteElo "2603"]
[BlackElo "2403"]
[PlyCount "48"]
[EventDate "2021.11.23"]
[EventType "swiss (blitz)"]
[EventRounds "11"]
[EventCountry "USA"]
[SourceTitle "CBM 205 Extra"]
[Source "ChessBase"]
[SourceDate "2022.01.31"]
[SourceVersion "1"]
[SourceVersionDate "2022.01.31"]
[SourceQuality "1"]

1. d4 d5 2. c4 e6 3. Nf3 c6 4. g3 dxc4 5. Bg2 b5 6. 0-0 Bb7 7. Ne5 Nf6 8. a4 a6 9. b3 cxb3 10. Qxb3 Be7 11. axb5 axb5 12. Rxa8 Bxa8 13. Qa2 Bb7 14. Qa7 Qc8 15. Nc3 b4 16. Na4 Nbd7 17. Bf4 0-0 18. Rc1 Qa8 19. Qxa8 Rxa8 20. Nxc6 Kf8 21. Nc5 Nxc5 22. dxc5 b3 23. Nxe7 b2 24. Bxb7 Ra1 0-1

[Event "Titled Tuesday intern op 23rd Nov"]
[Site "Chess.com INT"]
[Date "2021.11.23"]
[Round "3"]
[White "Manafov, Vugar Gulam"]
[Black "Molchanov, Alexey"]
[Result "1-0"]
[WhiteElo "2253"]
[BlackElo "2403"]
[PlyCount "67"]
[EventDate "2021.11.23"]
[EventType "swiss (blitz)"]
[EventRounds "11"]
[EventCountry "USA"]
[SourceTitle "CBM 205 Extra"]
[Source "ChessBase"]
[SourceDate "2022.01.31"]
[SourceVersion "1"]
[SourceVersionDate "2022.01.31"]
[SourceQuality "1"]

1. d4 d5 2. c4 e6 3. Nc3 c6 4. e3 Nf6 5. Nf3 Nbd7 6. Qc2 Bd6 7. Bd3 dxc4 8. Bxc4 a6 9. 0-0 c5 10. Rd1 cxd4 11. exd4 0-0 12. Bb3 b5 13. d5 exd5 14. Nxd5 Bb7 15. Bg5 Rc8 16. Qf5 Rc5 17. Be3 Rxd5 18. Bxd5 Nxd5 19. Rxd5 Bxd5 20. Qxd5 Nf6 21. Qc6 Qc7 22. Qxa6 Ng4 23. Qxb5 Bxh2+ 24. Kh1 Nxe3 25. Nxh2 Rb8 26. Qe2 Nd5 27. Rd1 Nf6 28. a3 h6 29. b4 Qa7 30. Rd3 Qa4 31. Nf3 Re8 32. Qd1 Ne4 33. Qxa4 Nxf2+ 34. Kg1 1-0

[Event "Titled Tuesday intern op 23rd Nov"]
[Site "Chess.com INT"]
[Date "2021.11.23"]
[Round "4"]
[White "Molchanov, Alexey"]
[Black "Miszler, Levente"]
[Result "1-0"]
[WhiteElo "2403"]
[BlackElo "2225"]
[PlyCount "83"]
[EventDate "2021.11.23"]
[EventType "swiss (blitz)"]
[EventRounds "11"]
[EventCountry "USA"]
[SourceTitle "CBM 205 Extra"]
[Source "ChessBase"]
[SourceDate "2022.01.31"]
[SourceVersion "1"]
[SourceVersionDate "2022.01.31"]
[SourceQuality "1"]

1. d4 e6 2. Nf3 Nf6 3. c4 b6 4. g3 Bb7 5. Bg2 Bb4+ 6. Bd2 a5 7. 0-0 0-0 8. Bc1 Ne4 9. Qc2 f5 10. Ne5 Bd6 11. Nd3 Be7 12. b3 d6 13. Bb2 Nd7 14. Nf4 Rf6 15. d5 exd5 16. Nxd5 Bxd5 17. cxd5 Ndc5 18. Na3 Rf8 19. Nb5 Bf6 20. Nd4 Qe7 21. Nxf5 Qe8 22. Nd4 Qe5 23. Rad1 Rae8 24. Ba1 Qxd5 25. Nb5 Qc6 26. Bxf6 Qxb5 27. Bd4 Nf6 28. e3 a4 29. Rb1 axb3 30. axb3 Kh8 31. b4 Ne6 32. Bxf6 Rxf6 33. Bc6 Qh5 34. Bxe8 Qxe8 35. Qe4 Qf7 36. f4 h6 37. Ra1 Qh5 38. Ra8+ Nf8 39. Qe7 Qf5 40. e4 Rf7 41. exf5 Rxe7 42. Rxf8+ 1-0

[Event "Titled Tuesday intern op 23rd Nov"]
[Site "Chess.com INT"]
[Date "2021.11.23"]
[Round "5"]
[White "Molchanov, Alexey"]
[Black "Sorokin, Aleksey"]
[Result "1/2-1/2"]
[WhiteElo "2403"]
[BlackElo "2536"]
[PlyCount "78"]
[EventDate "2021.11.23"]
[EventType "swiss (blitz)"]
[EventRounds "11"]
[EventCountry "USA"]
[SourceTitle "CBM 205 Extra"]
[Source "ChessBase"]
[SourceDate "2022.01.31"]
[SourceVersion "1"]
[SourceVersionDate "2022.01.31"]
[SourceQuality "1"]

1. d4 Nf6 2. Nf3 g6 3. c4 Bg7 4. Nc3 d5 5. cxd5 Nxd5 6. e4 Nxc3 7. bxc3 c5 8. Rb1 0-0 9. Be2 cxd4 10. cxd4 Qa5+ 11. Bd2 Qxa2 12. 0-0 Bg4 13. Rxb7 Bxf3 14. Bxf3 Bxd4 15. Rxe7 Nc6 16. Rd7 Rad8 17. Rd5 Bb6 18. Bc3 Qc4 19. Ba1 Nd4 20. Bxd4 Bxd4 21. Qd2 Rxd5 22. exd5 Rb8 23. Rc1 Qa4 24. Rd1 Bb6 25. d6 Qd7 26. h3 Rd8 27. Bg4 Qc6 28. d7 Qf6 29. Bf3 a5 30. Qd6 Qxd6 31. Rxd6 Bc7 32. Rd4 a4 33. Rxa4 Rxd7 34. Ra2 Kg7 35. g3 Rd3 36. Kg2 Rc3 37. Be4 f5 38. Rc2 Rxc2 39. Bxc2 Kf6 1/2-1/2

[Event "Titled Tuesday intern op 04th May"]
[Site "Chess.com INT"]
[Date "2021.05.04"]
[Round "3"]
[White "Degtiarev, Evgeny"]
[Black "Molchanov, Alexey"]
[Result "0-1"]
[WhiteElo "2384"]
[BlackElo "2403"]
[PlyCount "98"]
[EventDate "2021.05.04"]
[EventType "swiss (blitz)"]
[EventRounds "11"]
[EventCountry "USA"]
[SourceTitle "CBM 202 Extra"]
[Source "ChessBase"]
[SourceDate "2021.07.31"]
[SourceVersion "1"]
[SourceVersionDate "2021.07.31"]
[SourceQuality "1"]

1. d4 Nf6 2. c4 g6 3. Nc3 Bg7 4. e4 d6 5. h3 0-0 6. Nf3 Na6 7. Be3 e5 8. d5 Nc5 9. Nd2 a5 10. a3 Nh5 11. b4 Nd7 12. c5 axb4 13. axb4 Rxa1 14. Qxa1 f5 15. cxd6 cxd6 16. Nb5 Ndf6 17. Qa5 fxe4 18. Qxd8 Rxd8 19. Bb6 Rd7 20. Na7 e3 21. fxe3 Ng3 22. Rg1 Nxf1 23. Rxf1 Nxd5 24. Nxc8 Nxb4 25. Ne4 d5 26. Nf6+ Bxf6 27. Rxf6 d4 28. exd4 exd4 29. Rd6 Rf7 30. Bxd4 Rc7 31. Ne7+ Rxe7+ 32. Kd2 Nc6 33. Bc3 Kf7 34. Rf6+ Ke8 35. Rd6 Rd7 36. Rxd7 Kxd7 37. g4 b5 38. h4 Ke6 39. h5 Kd5 40. hxg6 hxg6 41. Ke3 b4 42. Bb2 Ke6 43. Kf4 Na5 44. Kg5 Kf7 45. Kf4 Nc4 46. Bd4 b3 47. Kg5 b2 48. Bxb2 Nxb2 49. Kf4 Nc4 0-1

[Event "Titled Tuesday intern op 04th May"]
[Site "Chess.com INT"]
[Date "2021.05.04"]
[Round "1"]
[White "Zaksaite, Salomeja"]
[Black "Molchanov, Alexey"]
[Result "0-1"]
[WhiteElo "2202"]
[BlackElo "2403"]
[PlyCount "54"]
[EventDate "2021.05.04"]
[EventType "swiss (blitz)"]
[EventRounds "11"]
[EventCountry "USA"]
[SourceTitle "CBM 202 Extra"]
[Source "ChessBase"]
[SourceDate "2021.07.31"]
[SourceVersion "1"]
[SourceVersionDate "2021.07.31"]
[SourceQuality "1"]

1. g3 Nf6 2. Bg2 d5 3. d3 g6 4. Nd2 Bg7 5. e3 0-0 6. Ne2 b6 7. 0-0 Bb7 8. b3 c5 9. Bb2 Nc6 10. h3 Qc7 11. f4 e5 12. fxe5 Nxe5 13. Nf3 Nfg4 14. hxg4 Nxf3+ 15. Bxf3 Bxb2 16. Rb1 Be5 17. Kg2 Rae8 18. d4 Bg7 19. Qd3 Bh6 20. Nf4 cxd4 21. Nxd5 Bxd5 22. Bxd5 Rxe3 23. Qc4 Qxg3+ 24. Kh1 Qh3+ 25. Kg1 Rg3+ 26. Kf2 Qh2+ 27. Ke1 Qd2# 0-1

[Event "Titled Tuesday intern op 06th Apr"]
[Site "Chess.com INT"]
[Date "2021.04.06"]
[Round "4"]
[White "Molchanov, Alexey"]
[Black "Titichoca Daza, Daniel Henry"]
[Result "1-0"]
[WhiteElo "2403"]
[BlackElo "2090"]
[PlyCount "83"]
[EventDate "2021.04.06"]
[EventType "swiss (blitz)"]
[EventRounds "11"]
[EventCountry "USA"]
[SourceTitle "CBM 201 Extra"]
[Source "ChessBase"]
[SourceDate "2021.05.31"]
[SourceVersion "1"]
[SourceVersionDate "2021.05.31"]
[SourceQuality "1"]

1. e4 c5 2. Nf3 d6 3. Bb5+ Bd7 4. Bxd7+ Qxd7 5. 0-0 Nf6 6. Re1 Nc6 7. Nc3 g6 8. d3 Bg7 9. Bg5 0-0 10. Qd2 Rab8 11. Ne2 b5 12. Ng3 e5 13. h4 h5 14. Nh2 Nd4 15. Ngf1 Nh7 16. Ne3 f5 17. c3 Ne6 18. Nd5 f4 19. Nf3 Nhxg5 20. hxg5 Qd8 21. d4 Nxg5 22. Nxg5 Qxg5 23. dxc5 dxc5 24. Kf1 h4 25. Qd3 Qg4 26. Qf3 Qxf3 27. gxf3 h3 28. Kg1 Kf7 29. Kh2 Rh8 30. Rg1 Rh6 31. Rad1 Rb7 32. Rd2 Bf8 33. Rg5 Bd6 34. Nxf4 exf4 35. Rxd6 b4 36. c4 b3 37. a3 a5 38. Rxc5 Re7 39. Rxa5 Rc7 40. c5 Rb7 41. c6 Rc7 42. Rad5 1-0

[Event "Titled Tuesday intern op 02nd Feb"]
[Site "Chess.com INT"]
[Date "2021.02.02"]
[Round "5"]
[White "Bellon Lopez, Juan Manuel"]
[Black "Molchanov, Alexey"]
[Result "0-1"]
[WhiteElo "2327"]
[BlackElo "2402"]
[PlyCount "130"]
[EventDate "2021.02.02"]
[EventType "swiss (blitz)"]
[EventRounds "11"]
[EventCountry "USA"]
[SourceTitle "CBM 200 Extra"]
[Source "ChessBase"]
[SourceDate "2021.03.31"]
[SourceVersion "1"]
[SourceVersionDate "2021.03.31"]
[SourceQuality "1"]

1. d4 d5 2. Bg5 c5 3. Nc3 Nf6 4. Bxf6 exf6 5. e4 dxe4 6. dxc5 Qxd1+ 7. Rxd1 Bxc5 8. Nxe4 Bb4+ 9. c3 Be7 10. Nd6+ Bxd6 11. Rxd6 Ke7 12. Rd2 Be6 13. a3 Nc6 14. Nf3 Rhe8 15. Bb5 Rad8 16. Bxc6 bxc6 17. Nd4 Rd6 18. 0-0 c5 19. Nf3 Rxd2 20. Nxd2 Bd5 21. c4 Bc6 22. Re1+ Kf8 23. Rxe8+ Kxe8 24. Nb3 Kd7 25. Nxc5+ Kd6 26. Nd3 Be4 27. Nc1 Kc5 28. b3 a5 29. f3 Bc2 30. a4 Kb4 31. Kf2 Kc3 32. Ke3 Kb2 33. Kd2 Bf5 34. c5 Bd7 35. f4 g5 36. g3 h6 37. h4 gxf4 38. gxf4 Bc6 39. b4 axb4 40. a5 Ka3 41. a6 b3 42. Nxb3 Kxb3 43. Kd3 Kb4 44. Kd4 Kb5 45. a7 Ba8 46. f5 h5 47. c6 Kxc6 48. Kc4 Kb6 49. Kd4 Kxa7 50. Kc5 Be4 51. Kd6 Bxf5 52. Ke7 Bg6 53. Kxf6 Kb6 54. Ke5 Kc5 55. Kf4 Kd4 56. Kg5 Ke3 57. Kf6 Kf3 58. Kg7 Kg3 59. Kf6 Kxh4 60. Ke5 Kg3 61. Kd4 h4 62. Ke5 h3 63. Kf6 h2 64. Kg7 h1Q 65. Kf6 Qf3+ 0-1

[Event "Titled Tuesday intern op 02nd Feb"]
[Site "Chess.com INT"]
[Date "2021.02.02"]
[Round "3"]
[White "Saulina, Varvara"]
[Black "Molchanov, Alexey"]
[Result "1-0"]
[WhiteElo "2240"]
[BlackElo "2402"]
[PlyCount "85"]
[EventDate "2021.02.02"]
[EventType "swiss (blitz)"]
[EventRounds "11"]
[EventCountry "USA"]
[SourceTitle "CBM 200 Extra"]
[Source "ChessBase"]
[SourceDate "2021.03.31"]
[SourceVersion "1"]
[SourceVersionDate "2021.03.31"]
[SourceQuality "1"]

1. e4 c5 2. Nf3 Nc6 3. d4 cxd4 4. Nxd4 Nf6 5. Nc3 e5 6. Ndb5 d6 7. Bg5 a6 8. Na3 b5 9. Nd5 Be7 10. Bxf6 gxf6 11. c3 Be6 12. Nc2 f5 13. Qh5 fxe4 14. Nce3 Bg5 15. g4 Bxe3 16. Nxe3 Ne7 17. 0-0-0 Bxa2 18. g5 Be6 19. Bh3 Bxh3 20. Qxh3 Qd7 21. Qg2 Qb7 22. Ng4 Qc6 23. Nf6+ Kf8 24. Qh3 Ng8 25. Nxh7+ Kg7 26. g6 fxg6 27. Qe6 Rxh7 28. Rxd6 Qe8 29. Rd7+ Kh8 30. Rxh7+ Kxh7 31. Qh3+ Kg7 32. Rd1 Nf6 33. Qg3 Rd8 34. Rg1 Qf7 35. Kb1 Re8 36. h4 Nh5 37. Qe3 Nf4 38. Rg5 Qf6 39. Qa7+ Re7 40. Qa8 Nd3 41. Qxe4 Qf4 42. Qxg6+ Kf8 43. Qg8# 1-0

[Event "Titled Tuesday intern op 12th Jan"]
[Site "Chess.com INT"]
[Date "2021.01.12"]
[Round "3"]
[White "Molchanov, Alexey"]
[Black "Kepeshchuk, Mykhaylo"]
[Result "0-1"]
[WhiteElo "2402"]
[BlackElo "2269"]
[PlyCount "54"]
[EventDate "2021.01.12"]
[EventType "swiss (blitz)"]
[EventRounds "11"]
[EventCountry "USA"]
[SourceTitle "CBM 200 Extra"]
[Source "ChessBase"]
[SourceDate "2021.03.31"]
[SourceVersion "1"]
[SourceVersionDate "2021.03.31"]
[SourceQuality "1"]

1. e4 c5 2. Nf3 d6 3. d4 cxd4 4. Nxd4 Nf6 5. Nc3 g6 6. Be2 Bg7 7. Be3 0-0 8. 0-0 Nc6 9. a4 Nxd4 10. Bxd4 Qa5 11. Qd3 Be6 12. f4 Rfc8 13. b3 Nd7 14. Nb5 Nc5 15. Qe3 a6 16. Bxg7 Kxg7 17. Nd4 Bd7 18. Nf3 Bc6 19. Qd4+ e5 20. fxe5 Ne6 21. Qxd6 Bxe4 22. Kh1 Rxc2 23. Bc4 Re8 24. Qd7 Bc6 25. Qd3 Qc3 26. Qd6 Bxf3 27. gxf3 Qb2 0-1

[Event "Titled Tuesday intern op 12th Jan"]
[Site "Chess.com INT"]
[Date "2021.01.12"]
[Round "7"]
[White "Molchanov, Alexey"]
[Black "Qiao, Cindy"]
[Result "1/2-1/2"]
[WhiteElo "2402"]
[BlackElo "1736"]
[PlyCount "88"]
[EventDate "2021.01.12"]
[EventType "swiss (blitz)"]
[EventRounds "11"]
[EventCountry "USA"]
[SourceTitle "CBM 200 Extra"]
[Source "ChessBase"]
[SourceDate "2021.03.31"]
[SourceVersion "1"]
[SourceVersionDate "2021.03.31"]
[SourceQuality "1"]

1. e4 c5 2. Nf3 d6 3. d4 cxd4 4. Nxd4 Nf6 5. Nc3 g6 6. f3 Bg7 7. Be3 Nc6 8. Qd2 0-0 9. 0-0-0 d5 10. Kb1 e5 11. Nxc6 bxc6 12. exd5 Nxd5 13. Nxd5 cxd5 14. Qxd5 Qc7 15. Qxa8 Bf5 16. Qxf8+ Bxf8 17. Bd3 Be6 18. b3 Bg7 19. Be4 Qa5 20. Bd2 Qc5 21. Bc1 f5 22. Rd8+ Kf7 23. Ba8 e4 24. Bb2 Bxb2 25. Kxb2 Qe5+ 26. Kb1 e3 27. g3 g5 28. Rdd1 f4 29. gxf4 gxf4 30. Be4 Bf5 31. Bxf5 Qxf5 32. Kb2 Qh3 33. Rdf1 Qh6 34. c4 Qf6+ 35. Kb1 Qf5+ 36. Kc1 Qd3 37. Rd1 Qc3+ 38. Kb1 e2 39. Rc1 Qd3+ 40. Kb2 Qd2+ 41. Ka1 Qd4+ 42. Kb1 Qd3+ 43. Kb2 Qd2+ 44. Kb1 Qd3+ 1/2-1/2

[Event "Titled Tuesday intern op 12th Jan"]
[Site "Chess.com INT"]
[Date "2021.01.12"]
[Round "6"]
[White "Shafigullina, Zarina"]
[Black "Molchanov, Alexey"]
[Result "1-0"]
[WhiteElo "2311"]
[BlackElo "2402"]
[PlyCount "83"]
[EventDate "2021.01.12"]
[EventType "swiss (blitz)"]
[EventRounds "11"]
[EventCountry "USA"]
[SourceTitle "CBM 200 Extra"]
[Source "ChessBase"]
[SourceDate "2021.03.31"]
[SourceVersion "1"]
[SourceVersionDate "2021.03.31"]
[SourceQuality "1"]

1. d4 d5 2. Nf3 e6 3. g3 Nf6 4. Bg2 c5 5. 0-0 cxd4 6. Nxd4 Nc6 7. c4 Be7 8. Nc3 0-0 9. cxd5 exd5 10. Bg5 h6 11. Bf4 Bg4 12. h3 Bc8 13. a3 Qb6 14. Ndb5 Be6 15. b4 Rac8 16. Nd6 Rcd8 17. Na4 Qa6 18. Nc5 Qb6 19. Na4 Qa6 20. b5 Qa5 21. Nxb7 Qxb5 22. Nxd8 Rxd8 23. Rc1 Bxa3 24. Rb1 Qa5 25. Qb3 Be7 26. Rfc1 Nd4 27. Qa2 Nxe2+ 28. Qxe2 Qxa4 29. Ra1 Qd7 30. Rc7 Qe8 31. Raxa7 Bf8 32. g4 Rc8 33. g5 Rxc7 34. Rxc7 hxg5 35. Bxg5 Bd6 36. Ra7 Be7 37. Bxf6 Bxf6 38. Bxd5 Qb8 39. Ra8 Qxa8 40. Bxa8 g6 41. Kg2 Bc4 42. Qxc4 1-0

[Event "Titled Tuesday intern op 6th June"]
[Site "Chess.com INT"]
[Date "2020.06.02"]
[Round "7"]
[White "Molchanov, Alexey"]
[Black "Romanov, Evgeny"]
[Result "0-1"]
[WhiteElo "2402"]
[BlackElo "2599"]
[PlyCount "82"]
[EventDate "2020.06.02"]
[EventType "swiss (blitz)"]
[EventRounds "10"]
[EventCountry "USA"]
[SourceTitle "CBM 196 Extra"]
[Source "ChessBase"]
[SourceDate "2020.07.31"]
[SourceVersion "1"]
[SourceVersionDate "2020.07.31"]
[SourceQuality "1"]

1. d4 Nf6 2. Nf3 e6 3. g3 d5 4. Bg2 b5 5. 0-0 c5 6. c3 Nc6 7. Bg5 h6 8. Bf4 Be7 9. Nbd2 0-0 10. Ne5 Bb7 11. Nxc6 Bxc6 12. Re1 Qb6 13. Be3 c4 14. a3 Ng4 15. Nf3 Nxe3 16. fxe3 Bd6 17. Rf1 a5 18. Qd2 f6 19. Nh4 b4 20. Ng6 bxc3 21. bxc3 Rfb8 22. Nf4 Bxf4 23. exf4 Qb2 24. Qe3 Kf7 25. Bh3 Bd7 26. Bg4 Rb3 27. Rfc1 Rab8 28. Bh5+ Kg8 29. Bg4 R8b6 30. f5 exf5 31. Qe7 Rxc3 32. Rxc3 Qxa1+ 33. Kg2 Qxc3 34. Bh5 Qc2 35. Qd8+ Kh7 36. Qxb6 f4 37. Qc7 Bf5 38. gxf4 Be4+ 39. Kg3 Qc3+ 40. Bf3 Qxd4 41. Qc8 c3 0-1

[Event "Titled Tuesday intern op 6th June"]
[Site "Chess.com INT"]
[Date "2020.06.02"]
[Round "4"]
[White "Postny, Evgeny"]
[Black "Molchanov, Alexey"]
[Result "1-0"]
[WhiteElo "2600"]
[BlackElo "2402"]
[PlyCount "55"]
[EventDate "2020.06.02"]
[EventType "swiss (blitz)"]
[EventRounds "10"]
[EventCountry "USA"]
[SourceTitle "CBM 196 Extra"]
[Source "ChessBase"]
[SourceDate "2020.07.31"]
[SourceVersion "1"]
[SourceVersionDate "2020.07.31"]
[SourceQuality "1"]

1. d4 d5 2. c4 e6 3. Nf3 Nf6 4. Nc3 Be7 5. Bg5 Nbd7 6. e3 h6 7. Bh4 0-0 8. Qc2 c5 9. cxd5 Nxd5 10. Bxe7 Nxe7 11. Be2 cxd4 12. Nxd4 Qa5 13. 0-0 Nf6 14. Bf3 Rb8 15. Nb3 Qg5 16. Rfd1 b6 17. Rac1 Bb7 18. Bxb7 Rxb7 19. Ne4 Nxe4 20. Qxe4 Nd5 21. Nd4 Rc7 22. Rxc7 Nxc7 23. Nc6 Qb5 24. Qc2 Nd5 25. a4 Qa6 26. h3 Rc8 27. Rxd5 Rxc6 28. Rd8# 1-0

[Event "EU-ch Online 2300+ Final"]
[Site "Chess.com INT"]
[Date "2020.05.30"]
[Round "7"]
[White "Molchanov, Alexey"]
[Black "Risteski, Emil"]
[Result "1-0"]
[WhiteElo "2402"]
[BlackElo "2159"]
[PlyCount "75"]
[EventDate "2020.05.30"]
[EventType "swiss"]
[EventRounds "8"]
[EventCountry "NET"]
[SourceTitle "CBM 196 Extra"]
[Source "ChessBase"]
[SourceDate "2020.07.31"]
[SourceVersion "1"]
[SourceVersionDate "2020.07.31"]
[SourceQuality "1"]

1. c4 g6 2. g3 Bg7 3. Bg2 d6 4. Nc3 Nf6 5. e3 0-0 6. Nge2 e5 7. d3 c6 8. 0-0 Na6 9. e4 Nc5 10. h3 Ne6 11. f4 Nd4 12. Nxd4 exd4 13. Ne2 c5 14. g4 Nd7 15. f5 Be5 16. Bh6 Qh4 17. Qd2 Qe7 18. fxg6 hxg6 19. Bxf8 Nxf8 20. Rf2 Be6 21. Raf1 Nh7 22. Nf4 Rf8 23. a3 Bc8 24. Qe1 Ng5 25. Nxg6 fxg6 26. Rxf8+ Qxf8 27. Rxf8+ Kxf8 28. Qa5 Ne6 29. Qxa7 Ke8 30. b4 g5 31. b5 Nc7 32. a4 Ne6 33. Qb6 Kd7 34. a5 Nc7 35. h4 gxh4 36. g5 Kd8 37. g6 Bg7 38. Qxd6+ 1-0

[Event "EU-ch Online 2300+ Qual"]
[Site "Chess.com INT"]
[Date "2020.05.29"]
[Round "1"]
[White "Gilevich, Artem"]
[Black "Molchanov, Alexey"]
[Result "1-0"]
[WhiteElo "2419"]
[BlackElo "2402"]
[PlyCount "73"]
[EventDate "2020.05.29"]
[EventType "swiss"]
[EventRounds "8"]
[EventCountry "NET"]
[SourceTitle "CBM 196 Extra"]
[Source "ChessBase"]
[SourceDate "2020.07.31"]
[SourceVersion "1"]
[SourceVersionDate "2020.07.31"]
[SourceQuality "1"]

1. e4 c6 2. d4 d5 3. exd5 cxd5 4. c4 Nf6 5. Nc3 g6 6. Qb3 e6 7. Bg5 dxc4 8. Bxc4 Be7 9. Nf3 0-0 10. Rd1 Nc6 11. Qc2 Nb4 12. Qe2 Nbd5 13. 0-0 Nxc3 14. bxc3 Nd5 15. Bxe7 Nxe7 16. Ne5 b6 17. Qf3 Rb8 18. Rd3 Bb7 19. Qg4 Bd5 20. Bxd5 Qxd5 21. c4 Qd6 22. Rfd1 Nf5 23. Qe4 h5 24. d5 exd5 25. Rxd5 Qe6 26. Qf4 Rbe8 27. h3 Re7 28. Nd7 Rc8 29. g4 hxg4 30. hxg4 Nh4 31. Nf6+ Kg7 32. g5 Nf5 33. R5d3 Rxc4 34. Rh3 Rxf4 35. Rh7+ Kf8 36. Rh8+ Kg7 37. Rg8# 1-0

[Event "EU-ch Online 2300+ Qual"]
[Site "Chess.com INT"]
[Date "2020.05.29"]
[Round "2"]
[White "Molchanov, Alexey"]
[Black "Bujisho, Benjamin"]
[Result "1-0"]
[WhiteElo "2402"]
[BlackElo "2290"]
[PlyCount "135"]
[EventDate "2020.05.29"]
[EventType "swiss"]
[EventRounds "8"]
[EventCountry "NET"]
[SourceTitle "CBM 196 Extra"]
[Source "ChessBase"]
[SourceDate "2020.07.31"]
[SourceVersion "1"]
[SourceVersionDate "2020.07.31"]
[SourceQuality "1"]

1. d4 d6 2. Nf3 Nf6 3. g3 g6 4. Bg2 Bg7 5. 0-0 0-0 6. b3 a5 7. Bb2 a4 8. c4 axb3 9. axb3 Rxa1 10. Bxa1 Ne4 11. Nfd2 Nxd2 12. Qxd2 c5 13. Na3 Nc6 14. Nb5 cxd4 15. Nxd4 Qb6 16. Nb5 Qa5 17. Qxa5 Nxa5 18. Bxg7 Kxg7 19. Rb1 Bf5 20. Rb2 b6 21. Nc3 Rb8 22. Nd5 Kf8 23. Nc7 Bd7 24. f4 e6 25. Kf2 Ke7 26. Nb5 d5 27. Na3 dxc4 28. Nxc4 Nxc4 29. bxc4 Kd6 30. Ke3 Kc5 31. Kd3 Rd8 32. Kc3 Be8 33. Ra2 Rd4 34. Ra8 Rxc4+ 35. Kb3 Bd7 36. Ra7 Rd4 37. Kc3 Rd1 38. e4 b5 39. e5 b4+ 40. Kc2 Rd4 41. Rc7+ Kb6 42. Rb7+ Ka6 43. Kb3 Rd2 44. Be4 Rd4 45. Bg2 Bb5 46. Rxf7 Rd2 47. Bh3 Ka5 48. Ra7+ Kb6 49. Re7 Kc5 50. Rc7+ Bc6 51. Bxe6 Rd3+ 52. Kc2 Rc3+ 53. Kb2 Kb6 54. Rc8 Rf3 55. Rb8+ Kc5 56. Rc8 Rf2+ 57. Kb3 Rf3+ 58. Kc2 Rf2+ 59. Kd3 Kb6 60. Rb8+ Kc5 61. Rc8 Kb6 62. Bf7 Rxh2 63. e6 b3 64. e7 Bb5+ 65. Kc3 b2 66. Rb8+ Ka6 67. Rxb5 Kxb5 68. e8Q+ 1-0

[Event "Sitges Sunway online op"]
[Site "Chess.com INT"]
[Date "2020.04.26"]
[Round "8"]
[White "Molchanov, Alexey"]
[Black "Harper, Ryan"]
[Result "1/2-1/2"]
[WhiteElo "2402"]
[BlackElo "2189"]
[PlyCount "140"]
[EventDate "2020.04.19"]
[EventType "swiss"]
[EventRounds "9"]
[EventCountry "ESP"]
[SourceTitle "EXT 2021"]
[Source "ChessBase"]
[SourceDate "2020.10.23"]
[SourceVersion "1"]
[SourceVersionDate "2020.10.23"]
[SourceQuality "1"]

1. Nf3 Nf6 2. c4 e6 3. g3 d5 4. Bg2 c5 5. 0-0 d4 6. e3 Nc6 7. exd4 cxd4 8. d3 Bc5 9. Bg5 h6 10. Bxf6 Qxf6 11. Nbd2 0-0 12. a3 a5 13. Ne4 Qe7 14. b4 axb4 15. Nxc5 Qxc5 16. axb4 Rxa1 17. bxc5 Rxd1 18. Rxd1 e5 19. Nd2 Bf5 20. Ne4 Nb4 21. Nd6 Bxd3 22. Bxb7 Bc2 23. Rd2 Ba4 24. Nb5 Bb3 25. Rb2 Nd3 26. Rxb3 Nxc5 27. Nxd4 exd4 28. Rb5 Nxb7 29. Rxb7 d3 30. Kf1 Re8 31. Rd7 Re4 32. c5 Rc4 33. Rd5 Rc1+ 34. Kg2 d2 35. Rxd2 Rxc5 36. Rd8+ Kh7 37. h4 Rc7 38. g4 g6 39. Kg3 Kg7 40. f3 Rc3 41. Rd7 Ra3 42. Kf4 Ra4+ 43. Ke3 Ra3+ 44. Ke4 Ra4+ 45. Rd4 Ra7 46. Kf4 Ra3 47. Rd5 Ra4+ 48. Kg3 Ra3 49. h5 g5 50. Rf5 Rb3 51. Kf2 Rb2+ 52. Ke3 Rb3+ 53. Kd4 Rb4+ 54. Kc5 Ra4 55. Kb5 Rd4 56. Kc6 Ra4 57. Kb6 Rb4+ 58. Kc7 Ra4 59. Kd6 Ra6+ 60. Ke5 Ra5+ 61. Ke4 Ra4+ 62. Ke3 Ra3+ 63. Kf2 Ra2+ 64. Kg3 Ra3 65. Rd5 Ra4 66. Kf2 Rb4 67. Ke3 Ra4 68. Rd4 Ra3+ 69. Ke4 Ra1 70. Rd3 Ra4+ 1/2-1/2

[Event "Titled Tuesday intern op 14th April"]
[Site "Chess.com INT"]
[Date "2020.04.14"]
[Round "9"]
[White "Gonzalez, Francisco Silva"]
[Black "Molchanov, Alexey"]
[Result "0-1"]
[WhiteElo "2049"]
[BlackElo "2402"]
[PlyCount "98"]
[EventDate "2020.04.14"]
[EventType "swiss (blitz)"]
[EventRounds "10"]
[EventCountry "USA"]
[SourceTitle "EXT 2021"]
[Source "ChessBase"]
[SourceDate "2020.10.23"]
[SourceVersion "1"]
[SourceVersionDate "2020.10.23"]
[SourceQuality "1"]

1. d4 Nf6 2. c4 e6 3. Nc3 Bb4 4. a3 Bxc3+ 5. bxc3 b6 6. e3 Nc6 7. Bd3 Ba6 8. e4 Na5 9. e5 Ng8 10. Qg4 Kf8 11. Bg5 f6 12. exf6 Nxf6 13. Qe2 h6 14. Bh4 Qe8 15. Nf3 d6 16. 0-0 Qd7 17. Bg3 Kf7 18. Nh4 Rhe8 19. Ng6 Qa4 20. c5 Bxd3 21. Qxd3 Qc4 22. Qc2 bxc5 23. dxc5 Qxc5 24. Nf4 Rab8 25. Qg6+ Kg8 26. Rab1 Qf5 27. Rxb8 Rxb8 28. Qxf5 exf5 29. h3 Rb3 30. Ne2 Rxa3 31. Rb1 Rb3 32. Ra1 Nc6 33. Ra6 Rb6 34. Ra4 Ne4 35. Bf4 g5 36. Be3 Rb2 37. Ra6 Nb8 38. Rxa7 f4 39. Bd4 c5 40. c4 Rxe2 41. Bg7 Nc6 42. Rc7 Re1+ 43. Kh2 Nxf2 44. g3 fxg3+ 45. Kxg3 Re7 46. Rxc6 Ne4+ 47. Kf3 Kxg7 48. Kg4 Nf6+ 49. Kf5 Re5# 0-1

[Event "Titled Tuesday intern op1 3rd March  "]
[Site "Chess.com INT"]
[Date "2020.03.03"]
[Round "1"]
[White "Masrahi, Abdulrahman A"]
[Black "Molchanov, Alexey"]
[Result "0-1"]
[WhiteElo "1879"]
[BlackElo "2402"]
[PlyCount "59"]
[EventDate "2020.03.03"]
[EventType "swiss (blitz)"]
[EventRounds "10"]
[EventCountry "USA"]
[SourceTitle "EXT 2021"]
[Source "ChessBase"]
[SourceDate "2020.10.23"]
[SourceVersion "1"]
[SourceVersionDate "2020.10.23"]
[SourceQuality "1"]

1. c4 e6 2. Nc3 d5 3. d4 Be7 4. cxd5 exd5 5. Bf4 c6 6. e3 Bf5 7. Nge2 Nf6 8. Ng3 Be6 9. Bd3 Nbd7 10. 0-0 Nb6 11. Rb1 a5 12. a3 0-0 13. Nf5 Bxf5 14. Bxf5 Nc4 15. Qe2 Re8 16. f3 Bf8 17. Rbd1 Bd6 18. Bg5 h6 19. Bh4 Bf4 20. Bf2 Nxe3 21. Bxe3 Bxe3+ 22. Kh1 Bxd4 23. Qd2 Bxc3 24. Qxc3 Qb6 25. Bb1 Re3 26. Qc2 Rae8 27. g4 Re2 28. Rd2 Qe3 29. Rxe2 Qxe2 30. Qf5 0-1